K všeobecným medzinárodnopolitickým okolnostiam delenia spoločného štátu a vstupu SR a ČR na medzinárodnú scénu

Analýza vzťahov Čechov a Slovákov v rokoch 1990 až 1992 v kontexte historických zmien uskutočňovaných začiatkom 90. rokov v Česko-Slovensku. Ekonomický, kultúrny a politický potenciál Československa, respekíve ČR a SR, vytvorenie podmienok pre budúcnosť.

Guardado en:
Detalles Bibliográficos
Autor principal: Weiss, Peter
Formato: Capítulo de libro
Lenguaje:eslovaco
Materias:
Etiquetas: Agregar Etiqueta
Sin Etiquetas, Sea el primero en etiquetar este registro!

MARC

LEADER 00000naa$a2200000$$$4500
001 0188861
005 20220620115850.9
041 0 |a slo 
044 |a SK 
245 1 0 |a K všeobecným medzinárodnopolitickým okolnostiam delenia spoločného štátu a vstupu SR a ČR na medzinárodnú scénu  |c Peter Weiss 
520 |a Analýza vzťahov Čechov a Slovákov v rokoch 1990 až 1992 v kontexte historických zmien uskutočňovaných začiatkom 90. rokov v Česko-Slovensku. Ekonomický, kultúrny a politický potenciál Československa, respekíve ČR a SR, vytvorenie podmienok pre budúcnosť. 
610 2 0 |a história 
610 2 0 |a Československo 
610 2 0 |a politika 
610 2 0 |a situácia politická 
610 2 0 |a vývoj politický 
610 2 0 |a transformácia 
610 2 0 |a systémy politické 
100 1 |a Weiss, Peter